Zones and zonal variations in welded ash flows.

"A concept of zonation in ash flows based on degree of welding and type of crystallization."

Bibliographic Details
Main Author: Smith, Robert L. (Robert Leland), 1920-
Format: Government Document Book
Language:English
Published: Washington : U.S. Govt. Print. Off, 1960.
Series:Professional paper (Geological Survey (U.S.)) ; 354-F.
Shorter contributions to general geology.
Subjects:

MARC

Tag First Indicator Second Indicator Subfields
LEADER 00000cam a2200000I 4500
001 in00002784614
005 20151202171848.0
008 770805s1960 dcuab b f000 0 eng d
035 |a (OCoLC)ocm03162698 
035 |a (OCoLC)3162698 
040 |a CSU  |c CSU  |d IAS  |d OCLCQ  |d UV$  |d ZEM  |d OKU  |d UtOrBLW 
049 |a TXAM 
050 4 |a QE462.I35  |b S54 1960 
086 0 |a I 19.16:354-F 
100 1 |a Smith, Robert L.  |q (Robert Leland),  |d 1920- 
245 1 0 |a Zones and zonal variations in welded ash flows. 
264 1 |a Washington :  |b U.S. Govt. Print. Off,  |c 1960. 
300 |a 149-159 pages :  |b illustrations, map (in pocket) ;  |c 29 cm. 
336 |a text  |b txt  |2 rdacontent 
337 |a unmediated  |b n  |2 rdamedia 
338 |a volume  |b nc  |2 rdacarrier 
490 1 |a Geological Survey (U.S.). Professional paper ;  |v 354-F 
504 |a Includes bibliography. 
520 |a "A concept of zonation in ash flows based on degree of welding and type of crystallization." 
650 0 |a Volcanic ash, tuff, etc. 
650 0 |a Ignimbrite. 
830 0 |a Professional paper (Geological Survey (U.S.)) ;  |v 354-F. 
830 0 |a Shorter contributions to general geology. 
948 |a cataloged  |b h  |c 2012/12/14  |d c  |e mvaldespin  |f 09:56:08 am 
994 |a C0  |b TXA 
999 |a MARS 
999 f f |s 68267f00-e94d-3f68-b061-d6f06933d8a9  |i 1194ac76-fc10-33a8-aad1-8d7b1e53dcc8  |t 0 
952 f f |p normal  |a Texas A&M University  |b College Station  |c Sterling C. Evans Library  |d Evans: US Documents (Annex 5th floor)  |t 0  |e I 19.16:354-356  |h Superintendent of Documents classification  |i unmediated -- volume  |m A14814191585 
998 f f |a I 19.16:354-356  |t 0  |l Evans: US Documents (Annex 5th floor)